000 00602cam a2200181u 4500
001 000014139
005 20200929163505.0
008 840222s1944 ag 000 0 spa
010 _a46017242
040 _aDO-SdBNP
_cCarP
_dDLC
050 0 0 _aB945.S24
_bA38
100 1 _aSantayana, George,
_d1863-1952. [from old catalog]
_931976
240 0 0 _aPersona and places. Spanish. [from old catalog]
245 1 0 _aPersonas y lugares, /
_cpromeros recuerdos de mi vida;.
260 _aBuenos Aires, :
_bEditorial Sudamericana,
_c[1944].
300 _a368 p. ;
_c22 cm.
910 _aCatalogación por copia / LC
999 _c13741
_d13741